[Event "USA-ch Gr-A"]
[Site "Salt Lake City"]
[Date "1999.08.25"]
[Round "3"]
[White "Kudrin, Sergey"]
[Black "Fedorowicz, John P"]
[Result "1-0"]
[WhiteElo "2525"]
[BlackElo "2565"]
[Annotator "Ftacnik,L"]
[PlyCount "35"]
[EventDate "1999.08.05"]
[EventType "tourn"]
[EventRounds "7"]
[EventCountry "USA"]
[EventCategory "13"]
[SourceTitle "CBM 073"]
[Source "ChessBase"]
[SourceDate "1999.12.01"]
[SourceVersion "1"]
[SourceVersionDate "1999.12.01"]
[SourceQuality "1"]

1. e4 c5 2. Nf3 d6 3. d4 cxd4 4. Nxd4 Nf6 5. Nc3 a6 6. Bc4 e6 7. Bb3 b5 8. O-O
b4 9. Na4 Bd7 10. c3 Nxe4 (10... Nc6 11. Re1 (11. Nxc6 Bxc6 12. f3 d5 13. exd5
Nxd5 14. c4 Nf6 15. Qxd8+ Rxd8 16. Be3 Nd7 17. Rfd1 Be7 18. Rd2 O-O 19. Rad1 a5
{1/2-1/2 Pokorna,R-Lakos,N/Ostrava/1999/ (28)}) 11... Rb8 12. f3 Be7 13. Nxc6
Bxc6 14. cxb4 Rxb4 15. Be3 (15. Nc3 O-O 16. Be3 Qb8 17. Re2 Rd8 18. Rd2 Nd7 19.
Qe2 Nc5 20. Bc4 Bb5 21. Bxb5 axb5 {0-1 Wagman,S-Fercec,N/Arco/1999/ (30)})
15... O-O 16. Rc1 Bd7 17. Re2 Qb8 18. Bd4 Qb5 19. Nc3 Qb7 20. Kh1 Rc8 21. Rd2 {
1-0 Rogic,D-Pavasovic,D/Dresden/1998/ (77)}) (10... bxc3 11. Nxc3 Nc6 (11...
Be7 12. f4 Nc6 13. Nxc6 Bxc6 14. Qe2 O-O 15. f5 exf5 16. Rxf5 Qd7 17. Nd5 Rae8
18. Qf3 Nxd5 19. Bxd5 Bxd5 20. Rxd5 Bf6 21. Bf4 Bxb2 22. Rad1 Be5 23. Rxe5 {
1-0 Matikozian,A-Yegiazarian,A/Yerevan/1999/ (41)}) 12. Be3 Be7 13. Nxc6 Bxc6
14. Rc1 O-O 15. f3 Bb7 16. Qd2 Rc8 17. Na4 Rxc1 18. Rxc1 d5 19. Bb6 Qa8 20. e5
Nd7 21. Rc7 Bc6 {1/2-1/2 Rubsamen,C-Martinez,M/Kona/1998/ (40)}) 11. Qf3 d5 12.
c4 $1 Nc6 {An excellent line for losing on theory knowledge, the position is
very sharp and dangerous for black. Due to the white's enormous advantage
defenders chances for survival were already slim.} (12... Qf6 13. cxd5 $1 Qxd4
14. Be3 Qe5 15. Bf4 $1 (15. Nb6 Bd6 16. g3 O-O 17. Nxa8 exd5 18. Nb6 Bc6 19.
Rad1 $16) 15... Qf5 16. Rfe1 $1 g5 (16... Nc5 17. Nxc5 Bxc5 18. dxe6 fxe6 19.
Re5 Bxf2+ 20. Qxf2 Qf6 21. Rae1 O-O 22. Rxe6 $18) (16... Nd2 17. Bxd2 Qxf3 18.
gxf3 Be7 19. Nb6 Ra7 20. Rac1 $1 O-O 21. dxe6 Bxe6 22. Bxe6 fxe6 23. Nc8 $1 Rd7
24. Nxe7+ Rxe7 25. Bxb4 $18) 17. Rxe4 gxf4 18. Rxf4 Qg5 19. h4 Qh6 20. Rxf7 {
1-0 Lautier,J-Sadler,M/Enghien les Bains 1999/ (25)}) (12... Nc5 13. cxd5 Nxb3
14. dxe6 fxe6 15. axb3 $18 {->}) 13. Nxe6 $3 {[%mdl 128]} Bxe6 (13... fxe6 14.
cxd5 exd5 (14... Nd4 15. Qxe4 Nxb3 16. axb3 $18) 15. Bxd5 $18) 14. cxd5 Nd4 (
14... Bxd5 15. Bxd5 Qxd5 16. Nb6 Qe5 17. Re1 f5 18. Nxa8 Bd6 19. Qh3 $18) 15.
Qxe4 Nxb3 16. dxe6 Nxa1 {Black has won a rook, but other pieces are just
sitting home.} 17. Qc6+ Ke7 18. Qb7+ (18. Qb7+ Kxe6 19. Re1+ Kf6 20. Qf3+ Kg6
21. Qg4+ Kf6 22. Qg5#) 1-0

[Event "Minneapolis HB Global op"]
[Site "Minneapolis"]
[Date "2005.05.20"]
[Round "4"]
[White "Matikozian, Andranik"]
[Black "Novikov, Igor A"]
[Result "0-1"]
[WhiteElo "2515"]
[BlackElo "2589"]
[Annotator "Ftacnik,L"]
[PlyCount "84"]
[EventDate "2005.05.18"]
[EventType "swiss"]
[EventRounds "9"]
[EventCountry "USA"]
[SourceTitle "CBM 107"]
[Source "ChessBase"]
[SourceDate "2005.08.01"]
[SourceVersion "1"]
[SourceVersionDate "2005.08.01"]
[SourceQuality "1"]

1. e4 c5 2. Nf3 d6 3. Nc3 a6 4. d4 cxd4 5. Nxd4 Nf6 6. Bc4 e6 7. O-O b5 8. Bb3
Be7 9. Qf3 Qb6 10. Be3 Qb7 11. Qg3 Nbd7 {Novikov often plays this line with
black. White has dangerous development advantage, but the defender's position
is very solid.} (11... b4 12. Na4 Nbd7 13. f3 O-O 14. Rad1 Kh8 15. Rfe1 (15.
Kh1 Rb8 16. Qe1 Qa8 17. c4 bxc3 18. Qxc3 Bb7 19. Qd2 Rfc8 {1/2-1/2 Hamdouchi,
H-Topalov,V/Cap d'Agde 1994/ (94)}) (15. Ne2 Qb8 16. c3 bxc3 17. Nexc3 a5 18.
Rf2 Ba6 19. Qh3 Ne5 20. Bd4 Nc6 21. Be3 Ne5 22. Bd4 Nc6 23. Be3 Ne5 24. Bd4 {
1/2-1/2 Mitkov,N-Gelfand,B/Moscow 1994/ (24)}) (15. Rd2 Ne5 16. Nb6 Rb8 17. Ne2
Qc7 18. Nxc8 Rfxc8 19. Rc1 a5 20. c4 Ra8 21. Ba4 Qb8 22. b3 {1-0 Zapata,A-Vera,
R/Linares 1994/ (43)}) 15... Rb8 16. Kh1 Ne5 17. Ne2 Qc7 18. c3 Bd7 19. Nf4
Bxa4 20. Bxa4 bxc3 21. bxc3 Qxc3 22. Bd4 Qa5 {Short,N-Kasparov,G/London rapid
m/1993/}) 12. Rad1 $5 (12. f3 Nc5 13. Rfd1 Bd7 14. Kh1 b4 15. Nce2 O-O 16. Bh6
Ne8 17. c4 bxc3 18. Nxc3 Bf6 19. Bg5 Bxd4 20. Rxd4 Nxb3 21. axb3 f6 {0-1 Milos,
G-Polgar,J/Bali 2000/ (44)}) (12. Rfe1 Nc5 13. Nf5 Nxb3 14. Nxe7 Nxa1 15. Qxg7
Rf8 16. e5 dxe5 17. Bc5 Nd7 18. Nxc8 Rxc8 19. Bxf8 Nxf8 20. Ne4 {1-0 Georgiev,
K-Zaichik,G/Palma de Mallorca 1989/ (24)}) (12. Nf5 exf5 13. Qxg7 Rf8 14. Bg5 (
14. Nd5 Nxd5 15. Bxd5 Qb8 16. Rfe1 Bb7 17. Bg5 Ne5 18. Bxe7 Kxe7 19. Qg5+ Kd7
20. Qxf5+ Kc7 21. Re3 {1/2-1/2 Kaidanov,G-Gelfand,B/Norilsk 1987/ (30)}) 14...
fxe4 15. Rad1 Qb6 16. Nd5 Nxd5 17. Bxd5 Rb8 18. Bxe7 Kxe7 19. Rfe1 Ne5 20. Qg5+
Kd7 21. Rxe4 Kc7 {0-1 Mirumian,V-Novikov,I/Yerevan 1996/ (26)}) 12... b4 (12...
Nc5 13. f3 Bd7 14. e5 dxe5 15. Qxe5 Nxb3 16. Nxb3 O-O 17. Nc5 Qc6 18. g4 b4 19.
N3e4 Nxe4 20. Nxd7 Nf6 21. Nxf8 Rxf8 22. c3 {1/2-1/2 Calaf Rellver,G-Perpinya
Rofes,L/Terrassa 1996/ (86)}) 13. Na4 O-O 14. Bh6 (14. f3 $5 {The game could
easily have transformed into the quoted battel between Short and Kasparov from
London 1993.}) 14... Nh5 $1 15. Qf3 (15. Qg4 $2 Ndf6 16. Qg5 Kh8 $19) 15...
Nhf6 16. Qg3 Nh5 17. Qf3 Nhf6 18. Bg5 $6 {It was more sensible to accept draw
with repetition, now black will get and upper hand.} (18. Qg3 $11) 18... Ne5 $1
$15 19. Qe2 Bd7 $1 20. f4 Nc6 $1 (20... Bxa4 $2 21. Bxa4 Qb6 22. Kh1 $16) 21.
e5 (21. Nf3 Na5 $5 $11) 21... Nxd4 (21... Qa7 22. exf6 Nxd4 23. Qf2 Bxf6 24.
Bxf6 Nxb3 25. Nb6 gxf6 26. axb3 (26. Nxa8 Nc5 27. Rxd6 Rxa8 28. Rfd1 $13) 26...
Rad8 $11) 22. Rxd4 dxe5 (22... Bb5 $5 23. Bc4 Qa7 $17) 23. fxe5 Bxa4 $2 {
White's courage is paying off since Novikov had to find the best answer 23...
Bb5! in order to get slight advantage.} (23... Qa7 $2 24. exf6 Qxd4+ 25. Be3 $1
$18) (23... Bb5 $1 24. Bc4 (24. Qf2 Ne4 $1 25. Rxe4 Bxg5 $15) 24... Nd5 $15)
24. Bxf6 $1 (24. exf6 Bc5 $17) 24... Bc5 $2 (24... Bxf6 25. exf6 Bxb3 26. Qg4
g6 27. Qg5 Qb6 28. Rff4 $18) (24... gxf6 25. exf6 Bxf6 26. Rxf6 Bxb3 27. axb3
$16) 25. Qg4 Bxd4+ 26. Kh1 $1 (26. Qxd4 $2 gxf6 $17) 26... g6 27. Qxd4 $1 (27.
Qg5 $2 Bc6 $1) (27. Bxa4 Bc5 28. Qh4 Rfc8 $13) 27... Bc6 (27... Bxb3 $2 28. Qf4
$1 (28. Qe3 $1) 28... Qb5 29. Re1 Bd5 30. Qh6 Bxg2+ 31. Kxg2 Qd5+ 32. Kg3 $18)
28. Rg1 $2 {[%mdl 64] Matikozian have done everything right except for the
final move of the whole combination. The best 28.Qd2! would have forced black
to give up the bishop and suffer horribly in the endgame.} (28. Qd2 $1 Bxg2+ (
28... Rfc8 29. Qh6 Bxg2+ 30. Kg1 Qb6+ 31. Rf2 $18) 29. Qxg2 Qxg2+ 30. Kxg2 $18)
28... h5 $5 29. c3 bxc3 30. bxc3 Be4 (30... Rfc8 31. Qe3 Kh7 $13) 31. h3 Kh7
32. Kh2 a5 33. Re1 Bxg2 34. Bc2 Bf3 (34... Rfc8 35. c4 Rab8 $17) 35. Rg1 $2 (
35. Rf1) 35... Qa7 $5 {Black begins his concentrated effort to get closer to
the white's king.} (35... Qd5 36. Qf2 Rfc8 $19) 36. Qd2 Rad8 $1 37. Qe1 (37.
Bxd8 Rxd8 38. Qe1 (38. Qxd8 $2 Qf2+) 38... Rd5 $17) 37... Qd7 38. Bg5 (38. Kg3
Qd2 $1 39. Bxd8 Rxd8 40. Bxg6+ fxg6 41. Qxd2 Rxd2 42. Kxf3 Rd3+ 43. Kf4 Rxc3
$17) 38... Qb5 39. Rf1 f6 $1 40. Bxf6 (40. exf6 Qxg5 $19) 40... Rxf6 $1 41.
exf6 Qb8+ 42. Kg1 Rd2 $1 {Thye complete reversal of fortunes, in the end it is
Matikozian's king that is facing the mating threats.} (42... Rd2 43. Rf2 Qg3+
44. Kf1 Qxh3+ 45. Kg1 Qh1#) 0-1

[Event "URS-ch55"]
[Site "Moscow"]
[Date "1988.07.??"]
[Round "15"]
[White "Ehlvest, Jaan"]
[Black "Gavrikov, Viktor"]
[Result "1/2-1/2"]
[WhiteElo "2580"]
[BlackElo "2545"]
[Annotator "Ftacnik,L"]
[PlyCount "121"]
[EventDate "1988.07.??"]
[EventType "tourn"]
[EventRounds "17"]
[EventCountry "URS"]
[EventCategory "14"]
[SourceTitle "URS-ch"]
[Source "ChessBase"]
[SourceDate "1999.07.01"]
[SourceVersion "1"]
[SourceVersionDate "1999.07.01"]
[SourceQuality "1"]

1. e4 c5 2. Nf3 d6 3. d4 cxd4 4. Nxd4 Nf6 5. Nc3 a6 6. Bc4 e6 7. Bb3 b5 8. O-O
Be7 9. Qf3 Qc7 10. Qg3 O-O 11. Bh6 Ne8 12. Rad1 Bf6 13. Bg5 Bxg5 14. Qxg5 Qc5
15. Qd2 (15. Qe3 $5) 15... Bd7 16. Rfe1 Ra7 17. a3 Rb7 18. Nce2 Nc6 19. Nxc6
Bxc6 20. Nf4 (20. Nd4 Bd7 21. c3 a5 $10) 20... Nf6 (20... Re7 $14) 21. Qd4 Qxd4
(21... e5 22. Qxd6 $16) 22. Rxd4 Rd7 (22... Ne8 $14) 23. Nxe6 fxe6 24. Bxe6+
Rff7 25. f3 Kf8 26. c4 bxc4 27. Rxc4 Bb7 28. Bxd7 Rxd7 29. Rec1 Ne8 30. Kf2 Ke7
31. b4 $2 d5 32. exd5 Rxd5 $14 33. R1c2 Kd7 34. Rc5 Rd6 35. Ke3 Re6+ 36. Kf4
Bc6 37. Rd2+ Nd6 38. Re5 Rf6+ 39. Kg3 Kc8 40. Rc2 Kd7 41. Rd2 Bb5 42. Rd4 g6
43. Kf2 h5 44. Kg3 $6 Kc6 45. Kh4 Nf7 46. Re7 g5+ $1 47. Kh3 $8 Bf1 48. Re3 Nh6
49. Rc3+ Kb6 50. Rd1 Bb5 51. Kg3 Nf5+ 52. Kf2 g4 $10 53. Rd5 Bc6 54. Re5 gxf3
55. gxf3 h4 56. Rd3 h3 57. f4 Nh4 58. Rc5 Ng6 59. f5 Nh4 60. Rxh3 Nxf5 61. Ke1
1/2-1/2

[Event "Bundesliga 0304"]
[Site "Germany"]
[Date "2004.02.15"]
[Round "8.1"]
[White "Volokitin, Andrei"]
[Black "Savchenko, Stanislav"]
[Result "1-0"]
[WhiteElo "2594"]
[BlackElo "2563"]
[Annotator "Ftacnik,L"]
[PlyCount "41"]
[EventDate "2003.11.01"]
[EventType "team-tourn"]
[EventRounds "15"]
[EventCountry "GER"]
[SourceTitle "CBM 100"]
[Source "ChessBase"]
[SourceDate "2004.06.01"]
[SourceVersion "1"]
[SourceVersionDate "2004.06.01"]
[SourceQuality "1"]
[WhiteTeam "Katernberg"]
[BlackTeam "Hofheim"]
[WhiteTeamCountry "GER"]
[BlackTeamCountry "GER"]

1. e4 c5 2. Nf3 d6 3. d4 cxd4 4. Nxd4 Nf6 5. Nc3 a6 6. Bc4 e6 7. Bb3 b5 8. Qf3
Bb7 9. Bg5 Nc6 (9... h6 10. Bh4 Nc6 11. O-O-O Nxd4 12. Rxd4 Be7 13. Rhd1 Qa5
14. Qh3 b4 15. Bxf6 Bxf6 16. Rxd6 bxc3 17. Rxe6+ Kf8 18. e5 Bc8 19. Qf3 fxe6
20. Qxa8 Bg5+ 21. f4 Bxf4+ 22. Kb1 Kf7 $2 (22... Ke7 $1 $17) 23. Rf1 Qxe5 24.
g3 {1-0 Berezjuk,S-Trichkov,V/Luhacovice 2003/ (33)}) 10. O-O-O {Volokitin
tries to get attacking set up as quickly as possible.} (10. e5 dxe5 (10... Qc8
11. exf6 Nxd4 12. Qd3 Nxb3 13. axb3 Bxg2 14. Rg1 Bb7 $17) 11. Nxc6 Qd6 12. Bxf6
Bxc6 13. Ne4 Qb4+ 14. c3 Qxe4+ 15. Qxe4 Bxe4 16. Bxe5 Bxg2 17. Rg1 Be4 $15)
10... Nxd4 (10... Be7 $5 11. Nxc6 (11. e5 $2 Nxd4 12. Qxb7 dxe5 $17) 11... Bxc6
12. Rhe1 b4 13. Ba4 Bxa4 14. Nxa4 $11) 11. Rxd4 Be7 12. Rhd1 O-O 13. Qg3 (13.
Bxf6 $6 Bxf6 14. Rxd6 Qa5 $11) 13... Ne8 (13... Qa5 14. Bh6 Ne8 15. Bd2 Qc7 16.
Bg5 Bxg5+ 17. Qxg5 Rc8 $13) 14. f4 $1 {[%mdl 128] Ambitious and a bit risky
move, but black has problems to counter the pressure of white pieces.} f6 (
14... Bxg5 $2 15. fxg5 $1 Qa5 (15... Qe7 16. e5 d5 17. R1d3 Qc7 18. Rh4 Rc8 19.
Rh3 b4 20. Qh4 $18) 16. Qh4 b4 17. Ne2 g6 18. R1d3 e5 19. Rh3 h5 20. gxh6 exd4
21. Qe7 $18) (14... Bc6 $5) 15. Bh4 (15. Bxe6+ $2 Kh8 16. Bh4 g5 17. Bd5 gxh4
18. Qd3 Bxd5 19. Nxd5 f5 20. exf5 Ng7 $15) 15... Kh8 (15... g5 16. fxg5 fxg5
17. Qg4 $1 Kh8 18. Bg3 $16) 16. f5 $1 {Clearing the danger for the bishop on
h4 and opening the vital a2-g8 diagonal, white is clearly better.} (16. Bxe6 g5
$15) 16... e5 (16... Nc7 17. Qg4 exf5 18. exf5 Rc8 19. Bg3 $16) 17. R4d3 Nc7
18. Qg4 Qd7 19. Rh3 d5 (19... h6 20. Bf2 d5 21. Be3 Rf7 22. Qg6 Bb4 23. exd5
$18) 20. Bf2 g5 (20... Rfd8 21. Qg6 h6 22. Bb6 $18) (20... d4 $2 21. Rxh7+ $1
Kxh7 22. Qh5#) 21. Rxh7+ $1 (21. Rxh7+ $1 Kxh7 22. Qh5+ Kg8 23. Qg6+ Kh8 24.
Rd3 $18) 1-0

[Event "Julian Borowski-A 3rd"]
[Site "Essen"]
[Date "2001.05.04"]
[Round "3"]
[White "Nijboer, Friso"]
[Black "Sutovsky, Emil"]
[Result "0-1"]
[WhiteElo "2580"]
[BlackElo "2604"]
[Annotator "Ftacnik,L"]
[PlyCount "62"]
[EventDate "2001.05.02"]
[EventType "tourn"]
[EventRounds "9"]
[EventCountry "GER"]
[EventCategory "15"]
[SourceTitle "CBM 083"]
[Source "ChessBase"]
[SourceDate "2001.07.05"]
[SourceVersion "1"]
[SourceVersionDate "2001.07.05"]
[SourceQuality "1"]

1. e4 c5 2. Nf3 d6 3. d4 cxd4 4. Nxd4 Nf6 5. Nc3 a6 6. Bc4 e6 7. Bb3 b5 8. O-O
Be7 9. Qf3 Qc7 10. Qg3 Nc6 11. Nxc6 Qxc6 12. Re1 Bb7 13. Qxg7 Rg8 14. Qh6 O-O-O
15. Qh3 Kb8 16. f3 Rg6 17. Be3 (17. a3 Rdg8 18. Re2 h5 19. Kh1 Qc7 20. Nd1 h4
21. Ne3 Nh5 {0-1 Georgiev,K-Ivanchuk,V/Tilburg/1993/ (34)}) 17... Rdg8 18. Re2
h5 (18... Nd7 19. Nd5 exd5 20. Bxd5 Qc7 21. Bxf7 Bf6 22. Rd1 Bxb2 23. c4 Ba3
24. cxb5 axb5 25. Bxg8 Rxg8 26. Qxh7 {1-0 Ivanchuk,V-Polugaevsky,L/Monte Carlo/
1993/ (35)}) 19. Rd1 Qe8 $1 $146 {[%mdl 8] Excellent novelty in a well known
system, black avoids tactical tricks, defends weak f7 pawn for the case of
e6-e5 push and the queen will help with a kingside attack.} (19... Nd7 20. Nd5
exd5 21. Bxd5 Qc7 22. Bxf7 h4 23. Bxg8 Rxg8 24. Qe6 {1-0 Nijboer,F-Shneider,A/
Ohrid/2001/ (60)}) 20. a4 b4 21. Na2 e5 22. Nxb4 a5 (22... Bc8 23. Qh4 Ng4 $2
24. Qxe7 Qxe7 25. Nc6+ $18) 23. Nd3 $6 (23. Nd5 $5 Bc8 (23... Nxd5 24. Bxd5 Bc8
25. Qxh5 Rh8 26. Bxf7 Qxf7 27. Qxh8 Bf6 28. Qh6 Rxh6 29. Bxh6 $13) 24. Nxf6
Bxf6 25. Qxh5 Rh8 26. Qxg6 fxg6 27. Rxd6 Bd8 $17) 23... Bc8 24. Qh4 Ng4 $1 {
The tactics works perfectly for black, his kings is not well protected but all
the fire is directed to his white colleague.} 25. Qxh5 Nxe3 26. Rxe3 Rxg2+ (
26... Bf6 27. Nf4 exf4 28. Re2 Be5 $15) 27. Kh1 (27. Kf1 Rg1+ 28. Ke2 Rh8 29.
Qxf7 Rxh2+ 30. Nf2 Ba6+ 31. Red3 Qxf7 32. Bxf7 Rgg2 33. Rf1 Bh4 $19) 27... R8g5
28. Qh7 (28. Qh6 Qg8 29. Ree1 Rg6 30. Qh5 R2g5 31. Qh4 Rg1+ $19) 28... Rg7 29.
Qh5 R2g5 30. Qh6 Qg8 31. Ree1 Rh7 0-1

[Event "RUS-chT 11th"]
[Site "Sochi"]
[Date "2004.04.22"]
[Round "3.4"]
[White "Amonatov, Farrukh"]
[Black "Makarov, Marat"]
[Result "1-0"]
[WhiteElo "2569"]
[BlackElo "2531"]
[Annotator "Ftacnik,L"]
[PlyCount "77"]
[EventDate "2004.04.20"]
[EventType "team-tourn"]
[EventRounds "9"]
[EventCountry "RUS"]
[SourceTitle "EXT 2020"]
[Source "ChessBase"]
[SourceDate "2019.10.17"]
[SourceVersion "1"]
[SourceVersionDate "2019.10.17"]
[SourceQuality "1"]
[WhiteTeam "Samara Termosteps"]
[BlackTeam "Togliatti Lada"]
[WhiteTeamCountry "RUS"]
[BlackTeamCountry "RUS"]

1. e4 c5 2. Nf3 d6 3. d4 Nf6 4. Nc3 cxd4 5. Nxd4 a6 6. Bc4 e6 7. Bb3 b5 8. Qf3
Qc7 9. Bg5 Nbd7 {Makarov is waiting with natural move Be7 and in few moves it
will even become problematic.} 10. O-O-O Bb7 11. Rhe1 h6 (11... Be7 $2 12. Bxe6
$1 Ne5 13. Qh3 fxe6 14. Nxe6 Qc4 15. Nxg7+ Kf8 16. Nf5 $16) 12. Qh3 hxg5 $2 {
The defender needed a lot of courage in order do decide for this exchange
sacrifice. Objectively it can not be sufficient.} (12... Nc5 13. Bxf6 (13. f3
Be7 14. Be3 b4 $17) 13... gxf6 14. a3 Rc8 15. Kb1 $13) 13. Qxh8 Qc5 (13... b4
14. Na4 Nxe4 15. f3 Nec5 16. Nxc5 Nxc5 17. Qh5 $16) 14. Qh3 (14. Bxe6 $1 fxe6
15. Nxe6 Qxf2 (15... Qb6 16. Nxf8 Nxf8 17. Qxg7 $18) 16. Nc7+ Kd8 17. Nxa8 Bxa8
18. e5 $18) 14... Qe5 15. Kb1 (15. Bxe6 fxe6 16. Qxe6+ Be7 17. Nd5 Qxe6 18.
Nxe6 Nxd5 19. exd5 Kf7 20. Nxg7 $16) 15... O-O-O 16. f3 Re8 (16... b4 17. Nce2
g4 18. Qg3 $16) 17. a4 (17. g4 Kb8 18. Qg2 $16) 17... b4 18. Na2 Qc5 19. c3 $1
bxc3 (19... g4 20. Qg3 gxf3 21. gxf3 bxc3 22. Re3 $16) 20. Re3 $1 {Amonatov
plays this phase very forcefully, black king will become a target of white
pieces.} Kb8 (20... cxb2 21. Rc3 $18) 21. Rxc3 Qb6 22. Qg3 Be7 (22... g4 23.
Bc2 gxf3 24. gxf3 Rc8 25. Nb3 Rxc3 26. Nxc3 $16) 23. h4 (23. Bc2 g4 24. Rb3 $16
) 23... gxh4 (23... Bxe4+ 24. fxe4 Nxe4 25. Qf3 Nxc3+ 26. Nxc3 Ne5 27. Qg3 gxh4
28. Qxg7 Rc8 $14) 24. Qxg7 Ne5 25. Qh6 Rg8 26. Qd2 $6 {Rather reckless move
since white is allowing tactics, that would rob him of lion's share of his
advantage.} (26. Ka1 Rxg2 27. Qxh4 Ng6 28. Qe1 $16) 26... Bd8 $6 (26... Bxe4+
$5 27. fxe4 Nxe4 28. Qe2 Nxc3+ 29. Nxc3 Rg4 30. a5 Qb7 31. Nf3 $14) 27. Bc2 Ka8
(27... d5 28. Qf4 Nfd7 29. Rb3 Qc7 30. Nb4 $16) 28. Nb3 d5 (28... Be7 29. Na5
Rb8 30. Nxb7 Qxb7 31. Rb3 $16) 29. a5 Qb5 (29... Qd6 $2 30. f4 Neg4 31. e5 $18)
30. Rc5 Qd7 (30... Qa4 31. Qc3 Nc4 32. Nd2 $18) 31. Nb4 (31. Qc3 Nc6 32. e5 Ne8
33. Bd3 Nc7 34. Rd2 Be7 35. Nb4 Bxc5 36. Nxc5 Qc8 37. Nxb7 Nxb4 38. Nd6 Qb8 39.
Bf1 $18) 31... Be7 32. exd5 $1 {Black is being crushed on his most prominent
square. With the stronghold on d5 Makarov will lose everything.} Nxd5 (32...
Bxc5 33. Nxc5 Qc7 34. Nbxa6 Bxa6 35. Nxa6 Qd6 36. Qh6 $18) (32... exd5 33. Qe2
Bxc5 34. Nxc5 Qd6 35. Nxb7 Kxb7 36. Nxd5 $18) 33. Nxd5 Bxd5 (33... Bxc5 34.
Nxc5 Qxd5 35. Qb4 Qc6 36. Be4 $18) (33... exd5 34. Rxd5 Bxd5 35. Qxd5+ Qxd5 36.
Rxd5 Nc4 37. Rd7 $18) 34. Rxd5 exd5 35. Qe2 $1 {Materially the things are
still even, but not for much longer. Black king is now simply naked.} (35.
Qxd5+ $5) 35... Qe6 (35... Nc4 36. Be4 $18) 36. Rxd5 Ng6 37. Be4 Kb8 38. Nd4
Nf4 (38... Qf6 39. Qe3 $18) 39. Rb5+ $1 (39. Rb5+ $1 axb5 40. Qxb5+ Kc7 41.
Nxe6+ fxe6 42. Qc6+ Kd8 43. a6 $18 (43. Qa8+ Kd7 44. Qxg8 $18)) 1-0

[Event "Pinamar Masters 1st"]
[Site "Pinamar"]
[Date "2001.03.18"]
[Round "11"]
[White "Van Riemsdijk, Herman Claudius"]
[Black "Hobaica, Juan Pablo"]
[Result "1-0"]
[WhiteElo "2376"]
[BlackElo "2306"]
[Annotator "Ftacnik,L"]
[PlyCount "41"]
[EventDate "2001.03.08"]
[EventType "tourn"]
[EventRounds "11"]
[EventCountry "ARG"]
[EventCategory "8"]
[SourceTitle "CBM 082"]
[Source "ChessBase"]
[SourceDate "2001.05.17"]
[SourceVersion "1"]
[SourceVersionDate "2001.05.17"]
[SourceQuality "1"]

1. e4 c5 2. Nf3 d6 3. d4 cxd4 4. Nxd4 Nf6 5. Nc3 a6 6. Bc4 e6 7. Bb3 b5 8. O-O
Be7 9. f4 b4 10. Na4 Nxe4 11. f5 e5 12. Bd5 (12. Ne6 Bxe6 13. fxe6 Nf6 14.
exf7+ Kf8 15. Qf3 Nbd7 16. Qh3 e4 17. Bh6 Ne5 18. Rf5 Nfg4 {0-1 De Hoop,
T-Visschedijk,M/Hengelo/1999/ (26)}) 12... Ra7 13. Bxe4 d5 $6 (13... Bd7 14. c3
exd4 15. Qxd4 Rc7 16. Bc2 Bb5 17. Re1 O-O 18. Bd2 d5 19. Qg4 Rc4 20. Qg3 Bh4
21. Qh3 Bxe1 22. Rxe1 Qh4 {0-1 Dosseti Saidman,R-Munoz Sanches,M/Cascavel 1996/
(30)}) 14. Ne6 $1 {[%mdl 4] This spirited jump effectively refutes black's
novelty, black is too uncoordinated to survive.} Bxe6 (14... fxe6 15. Qh5+ Kd7
16. fxe6+ Kc6 (16... Kxe6 17. Qf7+ Kd6 18. Qxd5+ $18) 17. Be3 Rb7 18. Rad1 Bxe6
19. c4 $18) 15. fxe6 dxe4 (15... fxe6 16. Qh5+ Kd7 17. Be3 $18) 16. Be3 Qxd1 (
16... Rb7 17. exf7+ Kf8 18. Nc5 $18) 17. Raxd1 Rc7 18. exf7+ Kf8 19. c3 {
The material is equal, but all black pieces are worse than their white
counterparts.} Nd7 (19... bxc3 20. Nxc3 Nd7 21. Nxe4 $16) 20. cxb4 Bxb4 $2 (
20... Nf6 21. Nc5 Bxc5 22. bxc5 Kxf7 23. Rd6 $16) 21. Nb6 1-0